000 00335nam a2200145Ia 4500
008 150301s2015 xx 000 0 und d
082 _a574
_bS14B
100 _aVIKASH BHARDWAJ
245 _aSCIENCE BEHIND NON- SPECIFIE SCIENCE
250 _aIST
260 _bNOTION PRESS
300 _a114
650 _aPHARMACY
942 _2ddc
_cBK
999 _c7062
_d7062